New York Attraction Pictures - Statistics

General Stats
  • This quiz has been taken 712 times
  • The average score is 11 of 15
Answer Stats
Picture Answer % Correct
Empire State Building
98%
Statue of Liberty
98%
Times Square
97%
Central Park
94%
Brooklyn Bridge
90%
Chrysler Building
67%
One World Trade Center
67%
Coney Island
65%
Madison Square Garden
62%
Grand Central Station
61%
Ellis Island
60%
Guggenheim
58%
Flatiron Building
55%
Bronx Zoo
41%
Rockefeller Center
39%
No matching quizzes found
Score Distribution
Percent of People with Each Score
Percentile by Number Answered
Your Score History
You have not taken this quiz